[Event "CYCC U14"]
[Site "Victoria CAN"]
[Date "2009.07.21"]
[Round "2"]
[White "Kaminski, Thomas"]
[Black "Gladstone, Simon"]
[Result "1-0"]
[WhiteElo "2141"]
[BlackElo "1876"]
[PlyCount "93"]
[GameId "2160767910093804"]
[EventDate "2009.07.21"]
[EventType "swiss"]
[EventRounds "7"]
[EventCountry "CAN"]
[SourceTitle "EXT 2011"]
[Source "ChessBase"]
[SourceDate "2011.11.26"]
[SourceVersion "1"]
[SourceVersionDate "2011.11.26"]
[SourceQuality "1"]

1. c4 e6 2. Nc3 Nf6 3. Nf3 d5 4. d4 c5 5. e3 Nc6 6. Bd3 Bd6 7. O-O O-O 8. b3 b6 9. Bb2 Bb7 10. h3 Nb4 11. Be2 dxc4 12. bxc4 Rc8 13. a3 Nc6 14. d5 exd5 15. cxd5 Na5 16. e4 Re8 17. Bb5 Re7 18. Re1 a6 19. Bd3 Qc7 20. Nb1 Rce8 21. Nbd2 c4 22. Rc1 b5 23. Bb1 Bf4 24. Bxf6 gxf6 25. Qc2 Be5 26. Nxe5 fxe5 27. Qc3 Qb6 28. Nf3 Nb3 29. Rcd1 Qf6 30. Bc2 Nc5 31. Re3 Bc8 32. Qb4 Nb7 33. Nh2 Kh8 34. Rf3 Qd6 35. Qd2 Rg8 36. Nf1 Bd7 37. Rg3 Rxg3 38. Nxg3 Qg6 39. Qc3 Re8 40. Qf3 Nd6 41. Qc3 Nb7 42. Kh2 Kg8 43. Qd2 Kh8 44. f4 exf4 45. Qxf4 Qd6 46. Qxf7 Rg8 47. e5 1-0

[Event "CYCC U14"]
[Site "Victoria CAN"]
[Date "2009.07.21"]
[Round "2"]
[White "Lam, Kenneth"]
[Black "Sohal, Tanraj"]
[Result "0-1"]
[WhiteElo "916"]
[BlackElo "2136"]
[PlyCount "48"]
[GameId "2160767910093805"]
[EventDate "2009.07.21"]
[EventType "swiss"]
[EventRounds "7"]
[EventCountry "CAN"]
[SourceTitle "hb 2009.10"]

1. e4 c5 2. Bc4 e6 3. e5 Nc6 4. Nf3 Qc7 5. Nc3 a6 6. d3 Nxe5 7. Nxe5 Qxe5+ 8. Be3 d5 9. f4 Qxe3+ 10. Ne2 dxc4 11. dxc4 Nf6 12. a4 Be7 13. Ra3 Qe4 14. h4 O-O 15. Rg3 Nh5 16. Rg4 f5 17. O-O fxg4 18. g3 b5 19. a5 Bb7 20. Kf2 Rad8 21. Qc1 Nxg3 22. Nxg3 Rxf4+ 23. Qxf4 Qxf4+ 24. Ke1 Qd2# 0-1

[Event "CYCC U14"]
[Site "Victoria CAN"]
[Date "2009.07.21"]
[Round "2"]
[White "Li, Changhe"]
[Black "Zhang, David"]
[Result "0-1"]
[WhiteElo "2106"]
[BlackElo "1999"]
[PlyCount "80"]
[GameId "2160767910093806"]
[EventDate "2009.07.21"]
[EventType "swiss"]
[EventRounds "7"]
[EventCountry "CAN"]
[SourceTitle "EXT 2011"]
[Source "ChessBase"]
[SourceDate "2011.11.26"]
[SourceVersion "1"]
[SourceVersionDate "2011.11.26"]
[SourceQuality "1"]

1. e4 c6 2. d4 d5 3. Nd2 dxe4 4. Nxe4 Nf6 5. Ng3 Qc7 6. Nf3 Bg4 7. Bd3 Nbd7 8. h3 Bxf3 9. Qxf3 e6 10. Ne4 Nxe4 11. Qxe4 O-O-O 12. c3 Bd6 13. Bd2 e5 14. O-O-O Kb8 15. Be3 f6 16. d5 Nc5 17. Bxc5 Bxc5 18. dxc6 Bxf2 19. Qf3 Bc5 20. cxb7 Qxb7 21. Be4 Qa6 22. Kb1 g6 23. g4 Qb6 24. Qe2 Rhf8 25. Bd5 Be3 26. c4 Bd4 27. Rd3 Qc7 28. Rc1 Rd6 29. Rb3+ Rb6 30. c5 Rxb3 31. axb3 Qa5 32. b4 Qxb4 33. Rc4 Qb5 34. Qc2 Kc7 35. Ra4 a5 36. Rc4 Rb8 37. Rxd4 exd4 38. Qh2+ Kc8 39. b3 Qxc5 40. Bc4 Qxc4 0-1

[Event "CYCC U14"]
[Site "Victoria CAN"]
[Date "2009.07.21"]
[Round "2"]
[White "Li, Ruokai (David)"]
[Black "Gusev, Nikita"]
[Result "1/2-1/2"]
[WhiteElo "2012"]
[BlackElo "2144"]
[PlyCount "50"]
[GameId "2160767910093807"]
[EventDate "2009.07.21"]
[EventType "swiss"]
[EventRounds "7"]
[EventCountry "CAN"]
[SourceTitle "hb 2009.10"]

1. e4 e5 2. Nf3 Nc6 3. Bb5 a6 4. Ba4 Nf6 5. O-O Be7 6. Re1 b5 7. Bb3 d6 8. h3 O-O 9. c3 Nb8 10. d4 Nbd7 11. Nbd2 Bb7 12. Bc2 Re8 13. Nf1 Bf8 14. Ng3 g6 15. a4 c5 16. Qe2 Qb6 17. d5 c4 18. Be3 Qc7 19. Qd2 Nc5 20. Bh6 Bxh6 21. Qxh6 Qe7 22. Re3 Nfd7 23. Nh2 Qf8 24. Qh4 Qe7 25. Qh6 Qf8 1/2-1/2

[Event "CYCC U14"]
[Site "Victoria CAN"]
[Date "2009.07.22"]
[Round "3"]
[White "Gladstone, Simon"]
[Black "Zhu, Zheng"]
[Result "1/2-1/2"]
[WhiteElo "1876"]
[BlackElo "1581"]
[PlyCount "113"]
[GameId "2160767910093808"]
[EventDate "2009.07.21"]
[EventType "swiss"]
[EventRounds "7"]
[EventCountry "CAN"]
[SourceTitle "hb 2009.10"]

1. e4 e6 2. d4 d5 3. Nd2 Nf6 4. e5 Nfd7 5. Bd3 c5 6. c3 Nc6 7. Ne2 Qb6 8. Nf3 f6 9. exf6 Nxf6 10. O-O cxd4 11. Nexd4 Bc5 12. Qb3 Nxd4 13. Nxd4 Bxd4 14. Qa4+ Bd7 15. Qxd4 Qxd4 16. cxd4 O-O 17. Bd2 Rac8 18. f3 Rc7 19. Rac1 Rfc8 20. Rc3 Rxc3 21. bxc3 Ne8 22. Rb1 Bc6 23. Bf4 Rd8 24. Bb5 Bxb5 25. Rxb5 b6 26. Kf2 Nd6 27. Bxd6 Rxd6 28. Ke3 Kf7 29. Kd3 Rc6 30. Rb4 Ke7 31. c4 dxc4+ 32. Rxc4 Kd6 33. Rxc6+ Kxc6 34. Kc4 b5+ 35. Kb4 Kb6 36. h4 a5+ 37. Ka3 Kc6 38. Kb3 Kd5 39. Kc3 e5 40. dxe5 Kxe5 41. g3 h5 42. Kd3 Kd5 43. Kc3 g6 44. a3 b4+ 45. axb4 axb4+ 46. Kxb4 Kd4 47. g4 Ke3 48. gxh5 gxh5 49. Kc3 Kxf3 50. Kd2 Kg4 51. Ke2 Kxh4 52. Kf2 Kh3 53. Kg1 Kg3 54. Kh1 Kf2 55. Kh2 h4 56. Kh3 Kf3 57. Kxh4 1/2-1/2

[Event "CYCC U14"]
[Site "Victoria CAN"]
[Date "2009.07.22"]
[Round "3"]
[White "Gusev, Nikita"]
[Black "Kaminski, Thomas"]
[Result "1/2-1/2"]
[WhiteElo "2138"]
[BlackElo "2141"]
[PlyCount "80"]
[GameId "2160767910093809"]
[EventDate "2009.07.21"]
[EventType "swiss"]
[EventRounds "7"]
[EventCountry "CAN"]
[SourceTitle "EXT 2011"]
[Source "ChessBase"]
[SourceDate "2011.11.26"]
[SourceVersion "1"]
[SourceVersionDate "2011.11.26"]
[SourceQuality "1"]

1. e4 e5 2. Nf3 Nc6 3. Bb5 a6 4. Ba4 Nf6 5. Bxc6 dxc6 6. d3 Bg4 7. h3 Bxf3 8. Qxf3 Qd6 9. Nd2 Qe6 10. O-O Bc5 11. Nc4 Nd7 12. Be3 O-O-O 13. Bxc5 Nxc5 14. Qe3 b6 15. a4 Nd7 16. b4 Kb7 17. Rab1 f6 18. Nd2 g5 19. a5 g4 20. h4 Qd6 21. Nc4 Qd4 22. Qxd4 exd4 23. axb6 Ne5 24. bxc7 Kxc7 25. Nxe5 fxe5 26. Ra1 Kb6 27. Ra5 Rhe8 28. Rfa1 Ra8 29. h5 g3 30. fxg3 Rg8 31. Rxe5 Rxg3 32. Rf1 Rag8 33. Rf2 R8g7 34. Ref5 R3g4 35. Rf7 Kb5 36. Rxg7 Rxg7 37. Rf6 c5 38. bxc5 a5 39. Rb6+ Kxc5 40. Ra6 Kb4 1/2-1/2

[Event "CYCC U14"]
[Site "Victoria CAN"]
[Date "2009.07.22"]
[Round "3"]
[White "Han, Yifei"]
[Black "Goodwin, William"]
[Result "1-0"]
[WhiteElo "1921"]
[BlackElo "1028"]
[PlyCount "67"]
[GameId "2160767910093810"]
[EventDate "2009.07.21"]
[EventType "swiss"]
[EventRounds "7"]
[EventCountry "CAN"]
[SourceTitle "hb 2009.10"]

1. e4 c6 2. d4 e6 3. Nf3 Nf6 4. Bd3 d5 5. e5 Nfd7 6. O-O b6 7. c3 Ba6 8. Bxa6 Nxa6 9. Qa4 Nc7 10. Qxc6 f6 11. exf6 gxf6 12. Bf4 Rc8 13. Re1 Na6 14. Qxe6+ Be7 15. Bd6 Rc6 16. Qxe7+ Qxe7 17. Bxe7 Kf7 18. Nbd2 Re6 19. Rxe6 Kxe6 20. Ba3 Re8 21. Re1+ Kf7 22. Rxe8 Kxe8 23. Kf1 Nf8 24. Bxf8 Kxf8 25. Ke2 Nc7 26. Nh4 Ne6 27. g3 Ng5 28. f4 Ne4 29. Nxe4 dxe4 30. Ke3 Kf7 31. Kxe4 Ke6 32. d5+ Kd6 33. Nf5+ Kc5 34. d6 1-0

[Event "CYCC U14"]
[Site "Victoria CAN"]
[Date "2009.07.22"]
[Round "3"]
[White "Itkin, David"]
[Black "Cheng, Jack"]
[Result "0-1"]
[WhiteElo "1819"]
[BlackElo "2064"]
[PlyCount "42"]
[GameId "2160767910093811"]
[EventDate "2009.07.21"]
[EventType "swiss"]
[EventRounds "7"]
[EventCountry "CAN"]
[SourceTitle "EXT 2011"]
[Source "ChessBase"]
[SourceDate "2011.11.26"]
[SourceVersion "1"]
[SourceVersionDate "2011.11.26"]
[SourceQuality "1"]

1. e4 e5 2. d4 exd4 3. Qxd4 Nc6 4. Qe3 d6 5. Nc3 Nf6 6. Bc4 Be7 7. Bd2 O-O 8. O-O-O a6 9. h4 b5 10. Bb3 Ne5 11. f3 c5 12. Bd5 Nxd5 13. Nxd5 Be6 14. g4 Bxd5 15. exd5 Nc4 16. Qd3 Bf6 17. Bc3 Re8 18. Bxf6 Qxf6 19. Qc3 Qf4+ 20. Kb1 Re3 21. Rd3 b4 0-1

[Event "CYCC U14"]
[Site "Victoria CAN"]
[Date "2009.07.22"]
[Round "3"]
[White "Li, Changhe"]
[Black "Lam, Kenneth"]
[Result "1-0"]
[WhiteElo "2106"]
[BlackElo "916"]
[PlyCount "55"]
[GameId "2160767910093812"]
[EventDate "2009.07.21"]
[EventType "swiss"]
[EventRounds "7"]
[EventCountry "CAN"]
[SourceTitle "hb 2009.10"]

1. e4 e5 2. Nc3 d6 3. g3 Nf6 4. Bg2 g6 5. Nge2 Bg7 6. O-O O-O 7. d3 Nc6 8. f4 exf4 9. Nxf4 Ng4 10. Nfe2 Nd4 11. h3 Nxe2+ 12. Nxe2 c5 13. hxg4 Bxg4 14. Be3 Qb6 15. Rb1 Rfe8 16. Qd2 d5 17. c3 Qc7 18. Bf4 Be5 19. Bxe5 Qxe5 20. d4 Qc7 21. e5 Rxe5 22. dxe5 Qxe5 23. Qxd5 Qe3+ 24. Rf2 Bxe2 25. Qxf7+ Kh8 26. Qf6+ Kg8 27. Bd5+ Qe6 28. Bxe6# 1-0

[Event "CYCC U14"]
[Site "Victoria CAN"]
[Date "2009.07.22"]
[Round "3"]
[White "Sohal, Tanraj"]
[Black "Marinkovic, Mate"]
[Result "0-1"]
[WhiteElo "2136"]
[BlackElo "2045"]
[PlyCount "166"]
[GameId "2160767910093813"]
[EventDate "2009.07.21"]
[EventType "swiss"]
[EventRounds "7"]
[EventCountry "CAN"]
[SourceTitle "EXT 2011"]
[Source "ChessBase"]
[SourceDate "2011.11.26"]
[SourceVersion "1"]
[SourceVersionDate "2011.11.26"]
[SourceQuality "1"]

1. d4 d5 2. c4 c6 3. cxd5 cxd5 4. Nc3 Nf6 5. Bf4 e6 6. e3 Bd6 7. Bxd6 Qxd6 8. f4 Ne4 9. Bd3 Nxc3 10. bxc3 Nd7 11. Nf3 f6 12. Qc2 f5 13. Bb5 a6 14. Bxd7+ Bxd7 15. O-O O-O 16. Rfb1 Qc7 17. Qb3 Rab8 18. Ne5 Rfc8 19. Qb6 Kf8 20. Qb4+ Ke8 21. Rc1 Bb5 22. Rab1 Qe7 23. a4 Qxb4 24. Rxb4 Bd7 25. Rb6 Ke7 26. Nd3 Rc6 27. Rcb1 Rxb6 28. Rxb6 Bxa4 29. Nc5 Bc6 30. Nxa6 Ra8 31. Nb4 Kd6 32. Nxc6 Kc7 33. Rb3 Kxc6 34. Kf2 Ra2+ 35. Kf3 b5 36. h3 h5 37. Kg3 g6 38. Kh4 Rxg2 39. Ra3 Re2 40. Ra6+ Kd7 41. Kg5 Rxe3 42. h4 Rg3+ 43. Kf6 Rxc3 44. Kxg6 Rf3 45. Kg5 b4 46. Ra7+ Kd8 47. Ra6 Kd7 48. Ra7+ Kd8 49. Ra6 Rg3+ 50. Kf6 Re3 51. Kg5 Rg3+ 52. Kf6 Re3 53. Kg5 b3 54. Rb6 Kc7 55. Rb4 Rf3 56. Kf6 Rxf4 57. Kxe6 Kc6 58. Rxb3 Rxd4 59. Kxf5 Rxh4 60. Ke5 Re4+ 61. Kf5 h4 62. Rb8 h3 63. Rh8 Re3 64. Rc8+ Kd7 65. Rc2 Kd6 66. Kf4 d4 67. Rd2 Kd5 68. Rc2 Rc3 69. Rd2 Kc4 70. Ke4 Re3+ 71. Kf4 Kc3 72. Rh2 Kd3 73. Ra2 Re4+ 74. Kf3 Rh4 75. Ra3+ Kc4 76. Ra1 h2 77. Rh1 Kd3 78. Kg3 Rh8 79. Kf3 Kc2 80. Ke4 d3 81. Ke3 d2 82. Ke2 Re8+ 83. Kf2 d1=Q 0-1

[Event "CYCC U14"]
[Site "Victoria CAN"]
[Date "2009.07.22"]
[Round "3"]
[White "Zhang, David"]
[Black "Li, Ruokai (David)"]
[Result "1/2-1/2"]
[WhiteElo "1999"]
[BlackElo "2012"]
[PlyCount "112"]
[GameId "2160767910093814"]
[EventDate "2009.07.21"]
[EventType "swiss"]
[EventRounds "7"]
[EventCountry "CAN"]

1. e4 e6 2. d4 d5 3. exd5 exd5 4. Nf3 Bg4 5. h3 Bh5 6. Be2 Bd6 7. O-O Ne7 8. c3 O-O 9. Bg5 f6 10. Bd2 Nd7 11. c4 c6 12. Nc3 dxc4 13. Bxc4+ Bf7 14. Bxf7+ Rxf7 15. Qb3 Nb6 16. Ne4 Ned5 17. Rfe1 Kh8 18. Re2 Re7 19. Rae1 Qc7 20. Nh4 Bf4 21. Ba5 Rae8 22. g3 Be3 23. Nf5 Rxe4 24. Nxe3 Qd7 25. Qd3 Qe6 26. Bxb6 axb6 27. a3 f5 28. Kf1 f4 29. Nf5 Ne3+ 30. fxe3 Qxf5 31. exf4 Qxh3+ 32. Kf2 Qh2+ 33. Kf3 Qh5+ 34. Kf2 Rxe2+ 35. Rxe2 Rxe2+ 36. Qxe2 Qxe2+ 37. Kxe2 g6 38. a4 Kg7 39. Kf3 Kf6 40. Kg4 h5+ 41. Kh4 Kf5 42. b3 Ke4 43. Kg5 Kf3 44. Kxg6 Kxg3 45. f5 h4 46. f6 h3 47. f7 h2 48. f8=Q h1=Q 49. Qb8+ Kg4 50. Qc8+ Kf4 51. Qc7+ Ke3 52. Qxb6 Qe4+ 53. Kg5 Qf4+ 54. Kg6 Qe4+ 55. Kh6 Qf4+ 56. Kh7 Qf7+ 1/2-1/2

[Event "CYCC U14"]
[Site "Victoria CAN"]
[Date "2009.07.22"]
[Round "4"]
[White "Cheng, Jack"]
[Black "Zhang, David"]
[Result "0-1"]
[WhiteElo "2064"]
[BlackElo "1999"]
[PlyCount "138"]
[GameId "2160767910093815"]
[EventDate "2009.07.21"]
[EventType "swiss"]
[EventRounds "7"]
[EventCountry "CAN"]
[SourceTitle "EXT 2011"]
[Source "ChessBase"]
[SourceDate "2011.11.26"]
[SourceVersion "1"]
[SourceVersionDate "2011.11.26"]
[SourceQuality "1"]

1. e4 c6 2. d4 d5 3. e5 Bf5 4. Nf3 e6 5. Be2 c5 6. O-O Nc6 7. c3 cxd4 8. cxd4 Nge7 9. a3 Nc8 10. b4 a6 11. Be3 Be7 12. Nbd2 b5 13. Rc1 Qd7 14. Nb3 Nb6 15. Nc5 Bxc5 16. bxc5 Nc4 17. Qb3 O-O 18. Nh4 Be4 19. f3 N6a5 20. Qc3 Nxe3 21. Qxe3 Bg6 22. Nxg6 hxg6 23. f4 Nc4 24. Qc3 f5 25. Rf3 Kf7 26. Rg3 Rh8 27. Rg5 Rh6 28. Qg3 Rah8 29. Rc2 Qc7 30. h3 Qa5 31. Bxc4 dxc4 32. Kf2 Rd8 33. Qe3 Rd5 34. Ke2 Qd8 35. Rd2 Qa5 36. Rg3 Rh8 37. Qc3 Qxc3 38. Rxc3 Rh4 39. Kf3 g5 40. g3 Rxh3 41. fxg5 Kg6 42. Kf4 Rh1 43. Rf3 Re1 44. Re3 Rf1+ 45. Rf3 Rxf3+ 46. Kxf3 Kxg5 47. Rd1 a5 48. Ke3 b4 49. axb4 axb4 50. Rc1 c3 51. Kd3 Rd8 52. Kc4 Rb8 53. c6 Kg4 54. c7 Rc8 55. Kxb4 Rxc7 56. Rxc3 Rd7 57. Kc4 g5 58. Rd3 Rd5 59. Kc3 f4 60. gxf4 gxf4 61. Kd2 f3 62. Ke3 Ra5 63. Rd2 Kg3 64. Rc2 Ra3+ 65. Ke4 f2 66. Rc1 Kg2 67. d5 Ra4+ 68. Ke3 exd5 69. Ke2 Re4+ 0-1

[Event "CYCC U14"]
[Site "Victoria CAN"]
[Date "2009.07.22"]
[Round "4"]
[White "Goodwin, William"]
[Black "Gladstone, Simon"]
[Result "0-1"]
[WhiteElo "1028"]
[BlackElo "1876"]
[PlyCount "52"]
[GameId "2160767910093816"]
[EventDate "2009.07.21"]
[EventType "swiss"]
[EventRounds "7"]
[EventCountry "CAN"]
[SourceTitle "hb 2009.10"]

1. e4 e6 2. d4 d5 3. Nc3 Bb4 4. a3 Bxc3+ 5. bxc3 dxe4 6. Nh3 Nf6 7. Bg5 O-O 8. Qg4 Nxg4 9. Bxd8 Rxd8 10. f3 Ne3 11. Rc1 Nxf1 12. Rxf1 exf3 13. gxf3 e5 14. Kf2 Bxh3 15. Rfe1 exd4 16. Rcd1 Nc6 17. cxd4 Rxd4 18. Rb1 b6 19. Rb2 f6 20. c3 Rd3 21. Re3 Rxe3 22. Kxe3 Rd8 23. Rd2 Rxd2 24. Kxd2 Kf7 25. Ke3 Ke6 26. Kf4 Kd5 0-1

[Event "CYCC U14"]
[Site "Victoria CAN"]
[Date "2009.07.22"]
[Round "4"]
[White "Kaminski, Thomas"]
[Black "Han, Yifei"]
[Result "1-0"]
[WhiteElo "2141"]
[BlackElo "1921"]
[PlyCount "121"]
[GameId "2160767910093817"]
[EventDate "2009.07.21"]
[EventType "swiss"]
[EventRounds "7"]
[EventCountry "CAN"]
[SourceTitle "EXT 2011"]
[Source "ChessBase"]
[SourceDate "2011.11.26"]
[SourceVersion "1"]
[SourceVersionDate "2011.11.26"]
[SourceQuality "1"]

1. c4 Nf6 2. Nc3 e6 3. Nf3 d5 4. b3 c5 5. d3 Nc6 6. g3 Be7 7. Bg2 O-O 8. O-O d4 9. Nb1 e5 10. Nbd2 h6 11. a3 Bf5 12. Qc2 Qd7 13. Ne4 Bxe4 14. dxe4 Bd6 15. Bd2 a6 16. Ne1 Qe7 17. Nd3 Rfe8 18. Rfc1 Rac8 19. f3 Kh7 20. Bh3 Rb8 21. b4 b6 22. Qa4 Qc7 23. b5 axb5 24. cxb5 Ra8 25. Qb3 Na5 26. Bxa5 Rxa5 27. Nb2 Ra7 28. a4 Rea8 29. Nc4 Qd8 30. Rc2 Rb7 31. Rca2 Bc7 32. Rb1 Bd6 33. a5 bxa5 34. b6 a4 35. Rxa4 Rxa4 36. Qxa4 Kg8 37. Qc6 Qa8 38. Nxd6 Qa2 39. Qxb7 Qxb1+ 40. Kf2 Qb3 41. Qxf7+ Qxf7 42. Nxf7 g5 43. b7 g4 44. Nxh6+ Kg7 45. Nxg4 Nd7 46. Nxe5 Nb8 47. Nd7 Nc6 48. b8=Q Nxb8 49. Nxb8 c4 50. Nc6 d3 51. exd3 cxd3 52. Ke3 Kg6 53. e5 d2 54. Kxd2 Kf7 55. Bd7 Kg7 56. e6 Kh6 57. e7 Kh7 58. e8=Q Kg7 59. Ne5 Kh7 60. Qg6+ Kh8 61. Nf7# 1-0

[Event "CYCC U14"]
[Site "Victoria CAN"]
[Date "2009.07.22"]
[Round "4"]
[White "Lam, Kenneth"]
[Black "Itkin, David"]
[Result "0-1"]
[WhiteElo "916"]
[BlackElo "1819"]
[PlyCount "70"]
[GameId "2160767910093818"]
[EventDate "2009.07.21"]
[EventType "swiss"]
[EventRounds "7"]
[EventCountry "CAN"]
[SourceTitle "EXT 2011"]
[Source "ChessBase"]
[SourceDate "2011.11.26"]
[SourceVersion "1"]
[SourceVersionDate "2011.11.26"]
[SourceQuality "1"]

1. e4 c5 2. d4 e6 3. Nf3 cxd4 4. Qxd4 Nc6 5. Qd1 Nf6 6. e5 Nxe5 7. Nxe5 Qa5+ 8. Bd2 Qxe5+ 9. Be3 Qxb2 10. Nd2 b6 11. Nc4 Bb4+ 12. Bd2 Bxd2+ 13. Nxd2 Bb7 14. Nc4 Qc3+ 15. Nd2 O-O 16. Bb5 Qe5+ 17. Be2 Bxg2 18. Rg1 Qxh2 19. Nf3 Bxf3 20. Bxf3 Qxg1+ 21. Ke2 Qxd1+ 22. Kxd1 Rac8 23. Rc1 h5 24. Bb7 Rc7 25. Bf3 g5 26. Ke2 Kg7 27. Rg1 g4 28. Bh1 Rxc2+ 29. Ke3 Nd5+ 30. Bxd5 exd5 31. Rh1 Kg6 32. Rd1 Re8+ 33. Kf4 Rxf2+ 34. Kg3 Rf3+ 35. Kh4 Rh3# 0-1

[Event "CYCC U14"]
[Site "Victoria CAN"]
[Date "2009.07.22"]
[Round "4"]
[White "Li, Ruokai (David)"]
[Black "Sohal, Tanraj"]
[Result "1-0"]
[WhiteElo "2012"]
[BlackElo "2136"]
[PlyCount "73"]
[GameId "2160767910093819"]
[EventDate "2009.07.21"]
[EventType "swiss"]
[EventRounds "7"]
[EventCountry "CAN"]
[SourceTitle "hb 2009.10"]

1. e4 c5 2. Nf3 Nc6 3. d4 cxd4 4. Nxd4 Nf6 5. Nc3 e5 6. Ndb5 d6 7. Bg5 a6 8. Na3 Be6 9. Nc4 Rc8 10. Ne3 Be7 11. Bxf6 Bxf6 12. Ned5 Nd4 13. Bd3 O-O 14. O-O g6 15. a4 Bg7 16. a5 f5 17. Nb6 Rc7 18. Ncd5 Rcf7 19. c3 Nc6 20. f3 Kh8 21. Qa4 Ne7 22. Nxe7 Rxe7 23. Rad1 Bh6 24. Kh1 Be3 25. Nc4 Ba7 26. Be2 Rd7 27. b4 Qc7 28. b5 axb5 29. Qxb5 Rc8 30. Nxd6 Rxd6 31. Qxe5+ Kg8 32. Rxd6 Bf7 33. Rfd1 Bb8 34. Qf6 Re8 35. g3 fxe4 36. Bb5 Re7 37. Rd8+ 1-0

[Event "CYCC U14"]
[Site "Victoria CAN"]
[Date "2009.07.22"]
[Round "4"]
[White "Marinkovic, Mate"]
[Black "Gusev, Nikita"]
[Result "0-1"]
[WhiteElo "2045"]
[BlackElo "2138"]
[PlyCount "118"]
[GameId "2160767910093820"]
[EventDate "2009.07.21"]
[EventType "swiss"]
[EventRounds "7"]
[EventCountry "CAN"]
[SourceTitle "EXT 2011"]
[Source "ChessBase"]
[SourceDate "2011.11.26"]
[SourceVersion "1"]
[SourceVersionDate "2011.11.26"]
[SourceQuality "1"]

1. e4 e5 2. Nc3 Nc6 3. Bc4 Nf6 4. d3 Na5 5. Bb3 Be7 6. f4 Nxb3 7. axb3 exf4 8. Bxf4 d6 9. Nf3 Bg4 10. O-O O-O 11. Qe1 c6 12. h3 Bh5 13. g4 Bg6 14. Nh4 Re8 15. Nxg6 hxg6 16. Qf2 b6 17. Be3 Rf8 18. Ra6 d5 19. exd5 Nxd5 20. Nxd5 Qxd5 21. Rfa1 f5 22. g5 f4 23. Bd4 c5 24. Bc3 f3 25. h4 Qd7 26. R6a4 Bd6 27. Re1 Bg3 28. Qxg3 f2+ 29. Kg2 fxe1=Q 30. Qxe1 Rae8 31. Re4 Rxe4 32. Qxe4 Qf5 33. Qxf5 Rxf5 34. Be1 Kf7 35. Bg3 Ke6 36. Bh2 Rf7 37. Bg3 Kf5 38. Kf3 Rd7 39. Bf2 a5 40. Be3 Rd5 41. Bf2 Rd7 42. Be3 Rc7 43. Bf4 Rc8 44. Bd2 Ra8 45. Bc3 a4 46. Bxg7 axb3 47. cxb3 Ra7 48. Bf6 Rh7 49. Kg3 Rd7 50. d4 cxd4 51. Kf2 d3 52. Ke1 Kg4 53. Kd2 Kxh4 54. b4 b5 55. Kd1 Kg4 56. Kd2 Kf4 57. b3 Rd5 58. Be7 Ke4 59. Bf6 Rf5 0-1

[Event "CYCC U14"]
[Site "Victoria CAN"]
[Date "2009.07.22"]
[Round "4"]
[White "Sorko, Nicholas"]
[Black "Li, Changhe"]
[Result "0-1"]
[WhiteElo "1432"]
[BlackElo "2106"]
[PlyCount "60"]
[GameId "2160767910093821"]
[EventDate "2009.07.21"]
[EventType "swiss"]
[EventRounds "7"]
[EventCountry "CAN"]
[SourceTitle "hb 2009.10"]

1. e4 c5 2. Nf3 e6 3. c3 Nf6 4. Qc2 Qc7 5. d4 cxd4 6. Nxd4 Nc6 7. Nxc6 bxc6 8. Bd3 Bd6 9. h3 O-O 10. Be3 Bb7 11. Nd2 Be7 12. O-O-O a5 13. f4 Ba6 14. Bxa6 Rxa6 15. g4 d5 16. e5 Nd7 17. Nf3 a4 18. g5 c5 19. Bd2 Rb8 20. h4 Nb6 21. h5 Nc4 22. g6 fxg6 23. hxg6 h6 24. f5 Rxb2 25. Qd3 Rab6 26. Rdg1 Rxa2 27. Qe2 Rb1+ 28. Kxb1 Qb6+ 29. Kc1 Qb2+ 30. Kd1 Ra1+ 0-1

[Event "CYCC U14"]
[Site "Victoria CAN"]
[Date "2009.07.23"]
[Round "5"]
[White "Gladstone, Simon"]
[Black "Cheng, Jack"]
[Result "0-1"]
[WhiteElo "1876"]
[BlackElo "2064"]
[PlyCount "94"]
[GameId "2160767910093822"]
[EventDate "2009.07.21"]
[EventType "swiss"]
[EventRounds "7"]
[EventCountry "CAN"]
[SourceTitle "hb 2009.10"]

1. e4 e5 2. Nf3 Nc6 3. Bc4 Nf6 4. d4 exd4 5. O-O Nxe4 6. Re1 d5 7. Bxd5 Qxd5 8. Nc3 Qa5 9. Nxe4 Be6 10. Neg5 O-O-O 11. Nxe6 fxe6 12. Rxe6 Bd6 13. Bg5 Rde8 14. Qe1 Qxe1+ 15. Raxe1 Kd7 16. Rxe8 Rxe8 17. Rxe8 Kxe8 18. Kf1 Kf7 19. Ke2 Ke6 20. h3 Kd5 21. Kd3 Ne5+ 22. Nxe5 Bxe5 23. Bd2 c5 24. c4+ dxc3 25. Bxc3 Bxc3 26. Kxc3 b5 27. Kd3 c4+ 28. Kc3 a5 29. h4 Kc5 30. g4 b4+ 31. Kd2 Kd4 32. f3 c3+ 33. bxc3+ bxc3+ 34. Ke2 c2 35. Kd2 c1=Q+ 36. Kxc1 Ke3 37. Kc2 Kxf3 38. Kb3 Kxg4 39. Ka4 Kxh4 40. Kxa5 g5 41. Kb6 g4 42. a4 g3 43. a5 g2 44. a6 g1=Q+ 45. Kb7 Qg7+ 46. Kb6 Kg3 47. a7 Qxa7+ 0-1

[Event "CYCC U14"]
[Site "Victoria CAN"]
[Date "2009.07.23"]
[Round "5"]
[White "Gusev, Nikita"]
[Black "Zhang, David"]
[Result "1/2-1/2"]
[WhiteElo "2138"]
[BlackElo "1999"]
[PlyCount "48"]
[GameId "2160767910093823"]
[EventDate "2009.07.21"]
[EventType "swiss"]
[EventRounds "7"]
[EventCountry "CAN"]
[SourceTitle "EXT 2011"]
[Source "ChessBase"]
[SourceDate "2011.11.26"]
[SourceVersion "1"]
[SourceVersionDate "2011.11.26"]
[SourceQuality "1"]

1. e4 c6 2. d4 d5 3. e5 Bf5 4. Nf3 e6 5. Be2 c5 6. O-O Nc6 7. c3 cxd4 8. Nxd4 Nxd4 9. Qxd4 Ne7 10. Nd2 Nc6 11. Qa4 a6 12. Nf3 b5 13. Qf4 Be7 14. Be3 O-O 15. Nd4 Nxd4 16. Bxd4 Rb8 17. Qe3 a5 18. Rfd1 Qc7 19. Rac1 Rfc8 20. Bd3 Bxd3 21. Rxd3 b4 22. Rdd1 Qc4 23. cxb4 Qxb4 24. Bc3 Qa4 1/2-1/2

[Event "CYCC U14"]
[Site "Victoria CAN"]
[Date "2009.07.23"]
[Round "5"]
[White "Li, Changhe"]
[Black "Li, Ruokai (David)"]
[Result "1/2-1/2"]
[WhiteElo "2106"]
[BlackElo "2012"]
[PlyCount "67"]
[GameId "2160767910093824"]
[EventDate "2009.07.21"]
[EventType "swiss"]
[EventRounds "7"]
[EventCountry "CAN"]
[SourceTitle "hb 2009.10"]

1. e4 e6 2. d4 d5 3. Nc3 Nf6 4. Bg5 Be7 5. e5 Nfd7 6. Bxe7 Qxe7 7. f4 a6 8. Nf3 c5 9. Qd2 Nc6 10. dxc5 Nxc5 11. Bd3 Bd7 12. a3 b5 13. b4 Nb7 14. Qe3 Nbd8 15. h4 f6 16. Rd1 O-O 17. h5 Nf7 18. g4 fxe5 19. fxe5 Nh6 20. Rg1 Rxf3 21. Qxf3 Nxe5 22. Qf4 Qh4+ 23. Kd2 Nexg4 24. Rdf1 e5 25. Rxg4 Qxg4 26. Qxe5 Qg2+ 27. Kc1 Re8 28. Qxd5+ Qxd5 29. Nxd5 Re5 30. Nb6 Bc6 31. c4 Ng4 32. cxb5 axb5 33. Bc2 Nf6 34. h6 1/2-1/2